Zákony III/2010 úplné znenia zákonov z oblasti pracovnoprávnej, mzdovej a sociálnej a súvisiace predpisy platné k 1.1.2010
Salvato in:
| Natura: | Libro |
|---|---|
| Lingua: | slovacco |
| Pubblicazione: |
Žilina
Poradca
2010
|
| Soggetti: | |
| Tags: |
Nessun Tag, puoi essere il primo ad aggiungerne!!
|
MARC
| LEADER | 00000nam$a2200000$$$4500 | ||
|---|---|---|---|
| 001 | 0110799 | ||
| 005 | 20230109115048.7 | ||
| 022 | |a 1335-6127 | ||
| 041 | 0 | |a slo | |
| 044 | |a SK | ||
| 245 | 1 | 0 | |a Zákony III/2010 |b úplné znenia zákonov z oblasti pracovnoprávnej, mzdovej a sociálnej a súvisiace predpisy platné k 1.1.2010 |
| 264 | 1 | |a Žilina |b Poradca |c 2010 | |
| 300 | |a 624 s. | ||
| 610 | 2 | 0 | |a predpisy právne |
| 610 | 2 | 0 | |a legislatíva |
| 610 | 2 | 0 | |a zákonník práce |
| 610 | 2 | 0 | |a politika sociálna |
| 610 | 2 | 0 | |a mzdy minimálne |
| 610 | 2 | 0 | |a poistenie sociálne |
| 610 | 2 | 0 | |a poistenie zdravotné |
| 610 | 2 | 0 | |a služby sociálne |
| 610 | 2 | 0 | |a Slovensko |
| 610 | 2 | 0 | |a 2010 |